|
|
|
|
| LEADER |
01508nam a22002897a 4500 |
| 001 |
32422 |
| 003 |
BD-DhAAL |
| 005 |
20241208131423.0 |
| 008 |
171130s1990 bg a|||| |||| 00| 0 eng d |
| 040 |
|
|
|a BD-DhAAL
|c BD-DhAAL
|
| 082 |
|
|
|a 362.1095492
|2 22
|
| 245 |
|
|
|a Research reports.
|p (1990) :
|b health studies.
|n Volume VI.
|
| 264 |
|
|
|a Dhaka :
|b Research and Evaluation Division, BRAC,
|c 1990.
|
| 300 |
|
|
|a 339 pages :
|b illustrations ;
|c 30 cm.
|
| 362 |
|
|
|a Vol. 6
|
| 504 |
|
|
|a Includes bibliographical references.
|
| 541 |
|
|
|a BRAC
|e 32422 & 32423
|
| 610 |
|
|
|a BRAC
|9 14405
|
| 650 |
|
|
|a Public health
|z Bangladesh.
|9 14406
|
| 650 |
|
|
|a Rural development
|z Bangladesh.
|9 24136
|
| 710 |
|
|
|a BRAC.
|b Research and Evaluation Division.
|9 14405
|
| 852 |
|
|
|a Ayesha Abed Library
|c BRAC Resource Section
|
| 942 |
|
|
|2 ddc
|c BK
|
| 999 |
|
|
|c 38696
|d 38696
|
| 952 |
|
|
|0 0
|1 0
|2 ddc
|4 0
|6 362_109549200000000_RES
|7 1
|8 RPT
|9 62091
|a BRACUL
|b BRACUL
|c BRS
|d 2017-11-30
|e Complimentary copy from BRAC
|g 0.00
|l 0
|o 362.1095492 RES
|p 3010004401
|r 2017-11-30
|t 1
|w 2017-11-30
|y BK
|z Not price in Register
|x Complimentary copy from BRAC
|
| 952 |
|
|
|0 0
|1 0
|2 ddc
|4 0
|6 362_109549200000000_RES
|7 1
|8 RPT
|9 62092
|a BRACUL
|b BRACUL
|c BRS
|d 2017-11-30
|e BRAC
|l 0
|o 362.1095492 RES
|p 3010032422
|r 2017-11-30
|t 2
|w 2017-11-30
|y BK
|x BRAC ; price not available in register
|
| 952 |
|
|
|0 0
|1 0
|2 ddc
|4 0
|6 362_109549200000000_RES
|7 1
|8 RPT
|9 62097
|a BRACUL
|b BRACUL
|c BRS
|d 2017-11-30
|e BRAC
|l 0
|o 362.1095492 RES
|p 3010032423
|r 2017-11-30
|t 3
|w 2017-11-30
|y BK
|x BRAC ; price not available in register
|